MARC details
| 000 -LEADER |
| fixed length control field |
02254nam a2200265 i 4500 |
| 003 - CONTROL NUMBER IDENTIFIER |
| control field |
CSPC |
| 005 - DATE AND TIME OF LATEST TRANSACTION |
| control field |
20251105123427.0 |
| 007 - PHYSICAL DESCRIPTION FIXED FIELD--GENERAL INFORMATION |
| fixed length control field |
ta |
| 008 - FIXED-LENGTH DATA ELEMENTS--GENERAL INFORMATION |
| fixed length control field |
231121s2021 ph a m 000 0beng |
| 090 ## - LOCALLY ASSIGNED LC-TYPE CALL NUMBER (OCLC); LOCAL CALL NUMBER (RLIN) |
| Classification number (OCLC) (R) ; Classification number, CALL (RLIN) (NR) |
UTH BSOA Ag939f |
| 100 ## - MAIN ENTRY--PERSONAL NAME |
| Personal name |
Aguinillo, Soledad Y. |
| Dates associated with a name |
author. |
| 245 ## - TITLE STATEMENT |
| Title |
Factors that affect online transactions of entrepreneurs in Buhi, Camarines Sur / |
| Statement of responsibility, etc. |
Soledad Y. Aguinillo. |
| 264 ## - PRODUCTION, PUBLICATION, DISTRIBUTION, MANUFACTURE, AND COPYRIGHT NOTICE |
| Place of production, publication, distribution, manufacture |
Buhi, Camarines Sur : |
| Name of producer, publisher, distributor, manufacturer |
Camarines Sur Polytechnic Colleges, |
| Date of production, publication, distribution, manufacture, or copyright notice |
2021. |
| 300 ## - PHYSICAL DESCRIPTION |
| Extent |
62 leaves : |
| 502 ## - DISSERTATION NOTE |
| Dissertation note |
Undergraduate Thesis (BSOA)- Office Administration |
| Name of granting institution |
Camarines Sur Polytechnic Colleges, 2021. |
| 520 ## - SUMMARY, ETC. |
| Summary, etc. |
This research determined perception towards the factors that affect the online transactions of entrepreneurs in Buhi, Camarines Sur. This study used a descriptive online survey involving a sample of 30 respondents. Research findings indicated that the majority of the respondents are in their adulthood where most of them are in 20-25 years old entrepreneur and most of them are female. Entrepreneurs used different applications when it comes to online selling like Lazada, Shopee and Facebook. Location, financial and internet connectivity were the factors that affect the online transactions of entrepreneurs. Entrepreneurs adapt online transaction mostly because it is convenient, less stress and time saving. Majority of the entrepreneurs rated "excellent" when it comes to their experiences in using online shopping/ e-purchase. In addition, majority of the respondents rated "very good" when it comes to satisfaction of the quality of the purchase product. Thus, conduct some seminar on what safety and threats are there in online transactions in order for the entrepreneurs to be aware of. Provide legitimate and necessary information given the assurance that confidential information shouldn't be disclosed outside the parameter of transaction. |
| 700 ## - ADDED ENTRY--PERSONAL NAME |
| Personal name |
Cresencio, Albert V., |
| Relator term |
author. |
| 700 ## - ADDED ENTRY--PERSONAL NAME |
| Personal name |
Nealiga, Jane O., |
| Relator term |
author. |
| 720 ## - ADDED ENTRY--UNCONTROLLED NAME |
| Name |
Oliveros, Josefin N., |
| Relator term |
adviser. |
| 720 ## - ADDED ENTRY--UNCONTROLLED NAME |
| Name |
Infante, Leonisa O., |
| Relator term |
panelist, chair. |
| 720 ## - ADDED ENTRY--UNCONTROLLED NAME |
| Name |
Villar, Mariber M., |
| Relator term |
panelist. |
| 720 ## - ADDED ENTRY--UNCONTROLLED NAME |
| Name |
Rosal, Jhomer I., |
| Relator term |
panelist. |
| 942 ## - ADDED ENTRY ELEMENTS (KOHA) |
| Source of classification or shelving scheme |
Dewey Decimal Classification |
| Suppress in OPAC |
No |
| Koha item type |
Unpublished Materials |
| Classification part |
Ag939f |
| Call number prefix |
BSOA |
| Call number suffix |
2021 |